000 00670nam a2200181Ia 4500
008 151018s9999 xx 000 0 und d
082 _bRBASDV31501
_a780
100 _aश्रीपाद ब्न्ध्योपाध्याय
245 _aसितार माग
250 _b4
260 _bपॉप्युलर प्रकाशन मुंबई
_c1967
300 _a153
600 _aश्रीपाद ब्न्ध्योपाध्याय
630 _aसितार माग
700 _aश्रीपाद ब्न्ध्योपाध्याय
730 _aसितार माग
942 _cBOOK
999 _c1031034
_d1031031